| 000 | 00437nam a2200169 a 4500 | ||
|---|---|---|---|
| 001 | 29655 | ||
| 005 | 20180713232734.0 | ||
| 008 | 140415d 000 0 spa d | ||
| 020 | _a968838531X | ||
| 041 | _aspa | ||
| 082 | _a340.1 | ||
| 100 | 1 | _aVELÁZQUEZ WITKER, JORGE | |
| 245 | 1 | 0 | _aINTRODUCCION AL ESTUDIO DEL DERECHO |
| 250 | _a5ª EDICIÓN | ||
| 260 |
_a[s.l.] : _bCHECAR EDITORIA, _c[s.f.] |
||
| 520 | _aCG | ||
| 999 |
_c29655 _d29655 |
||